000 00625nam a22001697a 4500
003 OSt
005 20171010095528.0
008 121004t xxu||||| |||| 00| 0 eng d
040 _aMMSU
_cULS
100 _aAlwag, Joanne B.
_913114
245 _aPhytoremediation potential of oyster plant (Rhoeo discolor) to lead nitrate (Pb(NO3)2)
_cJoanne B. Alwag
260 _c2008
300 _axiv, 45 leaves
_c28 cm.
500 _aThesis (BS Environmental Science) -- Mariano Marcos State University-College of Agriculture, Food and Sustainable Development, Batac City
504 _aBibliography: leaves 33-34
942 _2ddc
_cTHEDIS
999 _c9802
_d9802